00401nam a2200157Ia 45000010006000000050017000060080041000230410008000640820016000721000041000882450061001292600009001903000028001996500008002276540008002351129620260306162817.0260306t2016||||xx |||||||||||||| ||spa|| aESP a985.03bB74 aBorja y Aragón, Francisco de,eAUT 0aRelación y sentencia del virrey del Perú (1615-1621) c2016 a262 páginas :c23 cm. aGEN aCHU